<?xml version="1.0" encoding="UTF-8"?>
<record
    xmlns:xsi="http://www.w3.org/2001/XMLSchema-instance"
    xsi:schemaLocation="http://www.loc.gov/MARC21/slim http://www.loc.gov/standards/marcxml/schema/MARC21slim.xsd"
    xmlns="http://www.loc.gov/MARC21/slim">

  <leader>01238nab a2200289 uc4500</leader>
  <controlfield tag="001">853918</controlfield>
  <controlfield tag="005">20240201191015.0</controlfield>
  <controlfield tag="008">031113e20030905                    eng  </controlfield>
  <datafield tag="035" ind1=" " ind2=" ">
    <subfield code="a">853918</subfield>
  </datafield>
  <datafield tag="035" ind1=" " ind2=" ">
    <subfield code="a">(OCoLC)820084560</subfield>
  </datafield>
  <datafield tag="040" ind1=" " ind2=" ">
    <subfield code="c">comduadb</subfield>
  </datafield>
  <datafield tag="041" ind1=" " ind2=" ">
    <subfield code="a">eng</subfield>
  </datafield>
  <datafield tag="100" ind1="1" ind2="0">
    <subfield code="a">Moura, Fernanda Edna Araujo</subfield>
    <subfield code="4">aut</subfield>
    <subfield code="e">aut</subfield>
    <subfield code="9">387668</subfield>
  </datafield>
  <datafield tag="245" ind1="1" ind2="0">
    <subfield code="a">Respiratory syncytial virus infections during an epidemic period in Salvador, Brazil. Viral antigenic group analysis and description of clinical and epidemiological aspects</subfield>
  </datafield>
  <datafield tag="650" ind1=" " ind2=" ">
    <subfield code="a">Brasil</subfield>
    <subfield code="9">42885</subfield>
  </datafield>
  <datafield tag="650" ind1=" " ind2=" ">
    <subfield code="a">Infecci&#xF3;n respiratoria aguda (IRA)</subfield>
    <subfield code="9">101262</subfield>
  </datafield>
  <datafield tag="650" ind1=" " ind2=" ">
    <subfield code="a">Virus sincitial respiratorio en ni&#xF1;os</subfield>
    <subfield code="9">54945</subfield>
  </datafield>
  <datafield tag="650" ind1=" " ind2="7">
    <subfield code="a">Epidemiolog&#xED;a cl&#xED;nica</subfield>
    <subfield code="2">dcs</subfield>
    <subfield code="9">66393</subfield>
  </datafield>
  <datafield tag="650" ind1=" " ind2=" ">
    <subfield code="a">Enfermedades en ni&#xF1;os</subfield>
    <subfield code="9">24103</subfield>
  </datafield>
  <datafield tag="650" ind1=" " ind2="7">
    <subfield code="a">Transmisi&#xF3;n de enfermedades</subfield>
    <subfield code="2">lemb</subfield>
    <subfield code="9">51357</subfield>
  </datafield>
  <datafield tag="700" ind1="1" ind2="0">
    <subfield code="a">Borges, Leonardo Carletto</subfield>
    <subfield code="4">aut</subfield>
    <subfield code="e">aut</subfield>
    <subfield code="9">540635</subfield>
  </datafield>
  <datafield tag="700" ind1="1" ind2="0">
    <subfield code="a">Portes, Silvana Augusta Rodrigues</subfield>
    <subfield code="4">aut</subfield>
    <subfield code="e">aut</subfield>
    <subfield code="9">387669</subfield>
  </datafield>
  <datafield tag="700" ind1="1" ind2="0">
    <subfield code="a">Ramos, Eduardo Antonio Goncalves</subfield>
    <subfield code="4">aut</subfield>
    <subfield code="e">aut</subfield>
    <subfield code="9">384607</subfield>
  </datafield>
  <datafield tag="700" ind1="1" ind2="0">
    <subfield code="a">Siqueira, Marilda Mendonca</subfield>
    <subfield code="4">aut</subfield>
    <subfield code="e">aut</subfield>
    <subfield code="9">384608</subfield>
  </datafield>
  <datafield tag="773" ind1="0" ind2=" ">
    <subfield code="t">Memorias do Instituto Oswaldo Cruz (Rio de Janeiro)</subfield>
    <subfield code="g">Vol. 098, No. 06, Sep. 2003, p. 739-743</subfield>
    <subfield code="w">280998</subfield>
    <subfield code="x">0074-0276</subfield>
    <subfield code="0">96126</subfield>
  </datafield>
  <datafield tag="942" ind1=" " ind2=" ">
    <subfield code="c">ARIMP</subfield>
  </datafield>
  <datafield tag="999" ind1=" " ind2=" ">
    <subfield code="c">301104</subfield>
    <subfield code="d">301104</subfield>
  </datafield>
</record>
